La garanzia nella prospettiva storico-comparatistica

Guardat en:
Dades bibliogràfiques
Autor principal: Vacca, Letizia (Autor)
Format: Llibre
Idioma:italià
alemany
espanyol
Publicat: Turín G. Giappichelli 2003
Matèries:
Etiquetes: Afegir etiqueta
Sense etiquetes, Sigues el primer a etiquetar aquest registre!

MARC

LEADER 00000nam a2200000 a 4500
001 UCK1120
003 CL-VaPUC
005 20210313002243.0
008 041105e20030000it 1 ita d
020 |a 8834823869 
041 0 7 |a ita  |2 CL-VaPUC 
041 0 7 |a ger  |2 CL-VaPUC 
041 0 7 |a spa  |2 CL-VaPUC 
082 0 4 |a 346.02  |b VAC  |2 21 
100 1 |a Vacca, Letizia  |e author  |9 620644 
245 1 3 |a La garanzia nella prospettiva storico-comparatistica 
260 |a Turín  |b G. Giappichelli  |c 2003 
300 |a 430 p 
583 |a last modification  |c 20041105 00:00:00  |k Rodrigo Vera 
650 0 0 |a Derecho civil  |9 255013 
650 0 0 |a Derecho comercial   |9 256340 
650 0 0 |a Ordenamiento jurídico   |9 355371 
650 0 0 |a Contratos  |9 255153 
650 0 0 |a Derecho comparado  |9 255664 
650 0 0 |a Derecho romano  |9 255930 
650 0 0 |a Fuentes del derecho   |9 255162 
942 |c BK 
945 |a cmena  |d 20041105 00:00:00 
546 |a En Italiano 
546 |a En Alemán 
546 |a En Español 
536 |a MIUR 
536 |a Facoltà di Giurisprudenza di Roma Tre 
518 |p Congresso Internzaionale ARISTEC, 5, Salisburgo, 13-15 settembre 2001 
999 |c 384081  |d 384079 
952 |0 0  |1 0  |4 0  |6 346_020000000000000_VAC_2003  |7 0  |8 DER_HIS  |9 506521  |a BIBDER  |b BIBDER  |d 2020-01-23  |i 4064887  |o 346.02 VAC 2003  |p 4064887  |r 2023-01-25  |w 2020-01-23  |x Ubicación 4to Piso  |y BK  |z Estos recursos deben solicitarse con anticipación  |k DER